000 00377nam a22001457a 4500
003 MACL
005 20190410124956.0
008 190410b xxu||||| |||| 00| 0 eng d
040 _cMACL
100 _aJain,Ajay Kumar
_974227
245 _aBattleground Chhamb The Indo-Pakistan War of 1971
260 _aDelhi
_bManohar Pub.
_c2017
650 _aHistory
_974228
942 _2ddc
_cBK
999 _c59327
_d59327